[Event "Titled Tuesday intern op 14th Jan Early"]
[Site "Chess.com INT"]
[Date "2025.01.14"]
[Round "5"]
[White "Concio, Michael Jr"]
[Black "Obrien, Matthew J"]
[Result "1-0"]
[WhiteElo "2371"]
[BlackElo "2082"]
[PlyCount "79"]
[EventDate "2025.01.14"]
[EventType "swiss (blitz)"]
[EventRounds "11"]
[EventCountry "USA"]
[SourceTitle "CB04_2025"]
[SourceDate "2025.01.22"]
[SourceVersion "1"]
[SourceVersionDate "2025.01.22"]
[SourceQuality "1"]

1. d4 Nf6 2. c4 g6 3. Nc3 d5 4. Nf3 Bg7 5. Qb3 dxc4 6. Qxc4 Be6 7. Qb5+ Bd7 8. Qxb7 Nc6 9. Qb3 Rb8 10. Qd1 Bf5 11. a3 0-0 12. e3 e5 13. d5 Na5 14. b4 Nb7 15. Be2 Ne4 16. Bb2 Nbc5 17. 0-0 Nxc3 18. Bxc3 Ne4 19. Bb2 a5 20. b5 Qd6 21. a4 Rfd8 22. Bc4 Qb4 23. Qb3 Qxb3 24. Bxb3 Nc5 25. Bc4 Bd3 26. Rfc1 Bxc4 27. Rxc4 Nd3 28. Bc3 Rxd5 29. e4 Rc5 30. Rxc5 Nxc5 31. Bxa5 Nxe4 32. Bxc7 Ra8 33. b6 Nc5 34. a5 Bf8 35. Nxe5 Bg7 36. h3 h5 37. Ra2 Na6 38. Nc6 Nxc7 39. bxc7 Bf8 40. Nb8 1-0

[Event "Titled Tuesday intern op 24th Sep Late"]
[Site "Chess.com INT"]
[Date "2024.09.24"]
[Round "1"]
[White "Obrien, Matthew J"]
[Black "Grigoriants, Sergey"]
[Result "0-1"]
[WhiteElo "2106"]
[BlackElo "2533"]
[PlyCount "84"]
[EventDate "2024.09.24"]
[EventType "swiss (blitz)"]
[EventRounds "11"]
[EventCountry "USA"]
[SourceTitle "EXT 2025"]
[Source "ChessBase"]
[SourceDate "2024.10.14"]
[SourceVersion "1"]
[SourceVersionDate "2024.10.14"]
[SourceQuality "1"]

1. e4 c5 2. Nf3 d6 3. d4 cxd4 4. Nxd4 Nf6 5. Nc3 a6 6. Be3 e5 7. Nb3 Be7 8. Qf3 0-0 9. h3 b5 10. g4 b4 11. Nd5 Nxd5 12. exd5 a5 13. Nd2 f5 14. gxf5 Bxf5 15. Ne4 Nd7 16. Qg2 Rc8 17. Bd3 a4 18. Rg1 g6 19. Rd1 Qa5 20. Kf1 Nf6 21. Nxf6+ Rxf6 22. Bxf5 Rxf5 23. Qg4 Qb5+ 24. Kg2 Rxc2 25. Kh1 Kf7 26. b3 Rxa2 27. Rc1 Qxd5+ 28. Rg2 axb3 29. Qxb4 Rc2 30. Rb1 Rf3 31. Qxb3 Qxb3 32. Rxb3 Rxh3+ 33. Kg1 Rc1+ 34. Bxc1 Rxb3 35. Be3 d5 36. Rg4 d4 37. Bh6 Ke6 38. Kf1 Kf5 39. Rg2 d3 40. Ke1 Bb4+ 41. Kd1 Rb1+ 42. Bc1 d2 0-1

[Event "Titled Tuesday intern op 03rd Sep Late"]
[Site "Chess.com INT"]
[Date "2024.09.03"]
[Round "2"]
[White "Obrien, Matthew J"]
[Black "Sala, Giulia"]
[Result "1-0"]
[WhiteElo "2106"]
[BlackElo "2115"]
[PlyCount "93"]
[EventDate "2024.09.03"]
[EventType "swiss (blitz)"]
[EventRounds "11"]
[EventCountry "USA"]
[SourceTitle "EXT 2025"]
[Source "ChessBase"]
[SourceDate "2024.10.14"]
[SourceVersion "1"]
[SourceVersionDate "2024.10.14"]
[SourceQuality "1"]

1. e4 b6 2. d4 g6 3. Nf3 Bg7 4. Bd3 Bb7 5. Qe2 e6 6. a4 Ne7 7. a5 0-0 8. h4 c5 9. dxc5 bxc5 10. a6 Bc6 11. h5 d5 12. c3 dxe4 13. Bxe4 Bxe4 14. Qxe4 Nbc6 15. hxg6 Nxg6 16. Qxc6 Rc8 17. Qe4 Qd6 18. Bg5 f6 19. Be3 Rfd8 20. Nbd2 f5 21. Qa4 f4 22. Nc4 Qd5 23. Bd2 Qe4+ 24. Kf1 Qd3+ 25. Kg1 e5 26. Qb3 Kh8 27. Ng5 Rb8 28. Rxh7+ Kg8 29. Nb6+ c4 30. Qxc4+ Qxc4 31. Nxc4 Bf6 32. Rh6 Kg7 33. Rh7+ Kg8 34. Rxa7 Bxg5 35. Rb7 Rbc8 36. a7 e4 37. Nb6 e3 38. Nxc8 exf2+ 39. Kf1 Bh4 40. a8Q Ne5 41. Nd6 Ng4 42. Qxd8+ Bxd8 43. Bxf4 Bh4 44. g3 Nh2+ 45. Kxf2 Ng4+ 46. Kf3 Nf6 47. Ra8+ 1-0

[Event "Titled Tuesday intern op 20th Aug Early"]
[Site "Chess.com INT"]
[Date "2024.08.20"]
[Round "2"]
[White "Nazari, Arad"]
[Black "Obrien, Matthew J"]
[Result "1-0"]
[WhiteElo "2382"]
[BlackElo "2106"]
[PlyCount "79"]
[EventDate "2024.08.20"]
[EventType "swiss (blitz)"]
[EventRounds "11"]
[EventCountry "USA"]
[SourceTitle "EXT 2025"]
[Source "ChessBase"]
[SourceDate "2024.10.14"]
[SourceVersion "1"]
[SourceVersionDate "2024.10.14"]
[SourceQuality "1"]

1. e4 e6 2. c4 d5 3. cxd5 exd5 4. exd5 Nf6 5. Nc3 Nxd5 6. Bc4 Be6 7. Qb3 Nf4 8. Bxe6 Nd3+ 9. Kd1 fxe6 10. Qxe6+ Be7 11. Nh3 Nc6 12. Nd5 Rf8 13. b3 Qd6 14. Qxd6 Bxd6 15. Ke2 Nxc1+ 16. Rhxc1 0-0-0 17. Ne3 Be5 18. Rab1 Nd4+ 19. Kf1 Ne6 20. Re1 Bd6 21. Nc4 Nc5 22. Nxd6+ Rxd6 23. Re2 Nd3 24. f3 b6 25. Nf2 Nf4 26. Re7 Rxd2 27. Rxg7 Rxa2 28. Rxh7 Rd8 29. Rc1 c5 30. Ne4 Nxg2 31. b4 Ne3+ 32. Kg1 Rg8+ 33. Kh1 c4 34. Nd6+ Kb8 35. Rb7+ Ka8 36. Re7 Rh8 37. Rxe3 Rhxh2+ 38. Kg1 Rag2+ 39. Kf1 Rf2+ 40. Ke1 1-0

[Event "Titled Tuesday intern op 13th Aug Late"]
[Site "Chess.com INT"]
[Date "2024.08.13"]
[Round "1"]
[White "Gazineu Neto, Rubens"]
[Black "Obrien, Matthew J"]
[Result "1/2-1/2"]
[WhiteElo "1934"]
[BlackElo "2106"]
[PlyCount "71"]
[EventDate "2024.08.13"]
[EventType "swiss (blitz)"]
[EventRounds "11"]
[EventCountry "USA"]
[SourceTitle "EXT 2025"]
[Source "ChessBase"]
[SourceDate "2024.10.14"]
[SourceVersion "1"]
[SourceVersionDate "2024.10.14"]
[SourceQuality "1"]

1. e4 c5 2. Nf3 d6 3. d4 cxd4 4. Nxd4 Nf6 5. Nc3 a6 6. Be3 e6 7. g4 h6 8. f3 b5 9. Qd2 Nbd7 10. a3 Bb7 11. 0-0-0 Nb6 12. h4 Nfd7 13. f4 Rc8 14. Bd3 Nc5 15. g5 g6 16. h5 hxg5 17. hxg6 Rxh1 18. gxf7+ Kxf7 19. Rxh1 Bg7 20. fxg5 Qe7 21. Kb1 Rh8 22. Rxh8 Bxh8 23. Qf2+ Kg8 24. Qh4 Nbd7 25. Nde2 Ne5 26. Bxc5 dxc5 27. Nf4 Nf3 28. Qxh8+ Kxh8 29. Ng6+ Kg7 30. Nxe7 Nxg5 31. b4 cxb4 32. axb4 Kf6 33. Ng8+ Kg7 34. Ne7 Kf6 35. Ng8+ Kg7 36. Ne7 1/2-1/2

[Event "Titled Tuesday intern op 13th Aug Early"]
[Site "Chess.com INT"]
[Date "2024.08.13"]
[Round "1"]
[White "Obrien, Matthew J"]
[Black "Mamedyarov, Shakhriyar"]
[Result "0-1"]
[WhiteElo "2106"]
[BlackElo "2733"]
[PlyCount "56"]
[EventDate "2024.08.13"]
[EventType "swiss (blitz)"]
[EventRounds "11"]
[EventCountry "USA"]
[SourceTitle "EXT 2025"]
[Source "ChessBase"]
[SourceDate "2024.10.14"]
[SourceVersion "1"]
[SourceVersionDate "2024.10.14"]
[SourceQuality "1"]

1. e4 c5 2. Nf3 a6 3. Nc3 b5 4. d4 cxd4 5. Nxd4 Bb7 6. Bd3 e6 7. 0-0 Qc7 8. Qf3 Nf6 9. Qg3 Qxg3 10. hxg3 b4 11. Na4 Bxe4 12. Nb6 Ra7 13. Be3 Rb7 14. Bxe4 Nxe4 15. Nc4 Rc7 16. Na5 Be7 17. Rfd1 0-0 18. Rac1 Rfc8 19. Bf4 d6 20. Bd2 Nxd2 21. Rxd2 d5 22. f4 Bf6 23. Nab3 Nc6 24. Rcd1 h5 25. Nxc6 Rxc6 26. Nd4 Bxd4+ 27. Rxd4 a5 28. R1d2 Rxc2 0-1

[Event "Titled Tuesday intern op 23rd Jul Late"]
[Site "Chess.com INT"]
[Date "2024.07.23"]
[Round "2"]
[White "Deac, Bogdan Daniel"]
[Black "Obrien, Matthew J"]
[Result "1-0"]
[WhiteElo "2683"]
[BlackElo "2106"]
[PlyCount "89"]
[EventDate "2024.07.23"]
[EventType "swiss (blitz)"]
[EventRounds "11"]
[EventCountry "USA"]
[SourceTitle "EXT 2025"]
[Source "ChessBase"]
[SourceDate "2024.10.14"]
[SourceVersion "1"]
[SourceVersionDate "2024.10.14"]
[SourceQuality "1"]

1. Nf3 Nf6 2. c4 g6 3. b3 Bg7 4. Bb2 0-0 5. g3 d6 6. Bg2 c6 7. d4 Qa5+ 8. Bc3 Qa6 9. Nfd2 Nbd7 10. 0-0 e5 11. e3 Rb8 12. a4 Qb6 13. Qc2 exd4 14. Bxd4 c5 15. Bb2 Ne5 16. Nc3 Bf5 17. Nce4 Rfe8 18. a5 Qc7 19. Nxf6+ Bxf6 20. Ne4 Bg7 21. Qe2 Qe7 22. Rad1 Rbd8 23. Nc3 Bg4 24. f3 Be6 25. f4 Bg4 26. Qd2 Bxd1 27. Rxd1 Ng4 28. Nd5 Qe6 29. Bxg7 Kxg7 30. h3 Nf6 31. Qc3 h5 32. g4 hxg4 33. hxg4 Qxg4 34. Qxf6+ Kg8 35. Rf1 Rd7 36. Rf3 Re6 37. Qc3 Qf5 38. Rh3 f6 39. Rg3 Kf7 40. Bh3 Qb1+ 41. Kf2 f5 42. Bf1 Qa2+ 43. Be2 Rd8 44. Rh3 Ke8 45. Rh7 1-0